000 00622nam a2200277Ia 4500
005 20260401122426.0
008 008 250103s9999 xx 000 0 eng d
020 _a9789380607979
037 _aTB
040 _aEDL
040 _beng
040 _cEDL
041 _2eng
041 _aeng
084 _a821.3 DEV
084 _qEDL
245 0 _aIndian writing in english : An anthology of prose and poetry selections
260 _aDelhi
260 _bPrimus Books
260 _c2013
300 _a179p
942 _cTB
942 _h821.3 DEV
999 _c1847198
_d1847198